[Event "HUN Team League Ch. Csongrad Region"]
[Site "Csongrád County"]
[Date "2015.11.15"]
[Round "4.4"]
[White "Bodicsi, Barna"]
[Black "Nagy, Zoltan"]
[Result "0-1"]
[WhiteElo "1677"]
[BlackElo "1705"]
[PlyCount "58"]
[EventDate "2015.09.20"]

1. c4 Nf6 2. Nc3 e5 3. d3 Bc5 4. Nf3 d6 5. Bg5 h6 6. Bxf6 Qxf6 7. Ne4 Qe7 8. g3
Bb4+ 9. Nfd2 f5 10. Nc3 c6 11. Bg2 O-O 12. O-O f4 13. Qb3 Bc5 14. Nde4 Bd4 15.
c5+ d5 16. Kh1 Na6 17. Rae1 Be6 18. Nd6 Nxc5 19. Qc2 Qxd6 20. e3 Bxc3 21. Qxc3
f3 22. d4 Ne4 23. Qd3 fxg2+ 24. Kxg2 Ng5 25. Kh1 e4 26. Qe2 Nf3 27. Rd1 Bg4 28.
Qc2 Qg6 29. Qb3 Nxh2 0-1

[Event "HUN Team League Ch. Csongrad Region"]
[Site "Csongrád County"]
[Date "2015.11.15"]
[Round "4.4"]
[White "Papp, Zoltan"]
[Black "Farkas, Boldizsar"]
[Result "1-0"]
[WhiteElo "1848"]
[BlackElo "1468"]
[PlyCount "95"]
[EventDate "2015.09.20"]

1. d4 c5 2. e3 cxd4 3. exd4 e6 4. f4 Nf6 5. Nf3 d5 6. Bd3 Bd6 7. O-O O-O 8. Be3
Nc6 9. c3 b6 10. Nbd2 a5 11. Qe2 Bb7 12. Ne5 Qc8 13. Bf2 Re8 14. Bh4 Be7 15.
Rae1 Nd7 16. Bxe7 Nxe7 17. Ndf3 Nf6 18. h3 Ba6 19. g4 Bxd3 20. Qxd3 Qa6 21. Qe3
Qb5 22. Rf2 a4 23. a3 Ne4 24. Rg2 Nc8 25. h4 Ncd6 26. h5 f6 27. Nd3 h6 28. g5
Nf5 29. Qe2 Nfg3 30. Qd1 f5 31. gxh6 gxh6 32. Nfe5 Kh7 33. Re3 Rg8 34. Ng6 Qb3
35. Qxb3 axb3 36. Rexg3 Nxg3 37. Rxg3 b5 38. Kf2 Rg7 39. Nc5 Re8 40. Nxb3 b4
41. cxb4 Rc8 42. Nc5 Rgc7 43. Re3 Re8 44. b5 Rb8 45. a4 Rb6 46. Nf8+ Kg8 47.
Nfxe6 Rc8 48. Rg3+ 1-0

[Event "HUN Team League Ch. Csongrad Region"]
[Site "Csongrád County"]
[Date "2015.11.15"]
[Round "4.4"]
[White "Farkas, Virag"]
[Black "Heintz, Sebestyen"]
[Result "1/2-1/2"]
[WhiteElo "1405"]
[BlackElo "1740"]
[PlyCount "71"]
[EventDate "2015.09.20"]

1. d4 d5 2. e3 Nf6 3. Bd3 e6 4. Nf3 Be7 5. Nbd2 O-O 6. O-O b6 7. e4 Bb7 8. e5
Ne4 9. Re1 Nxd2 10. Bxd2 c5 11. c3 c4 12. Bb1 g6 13. Bh6 Re8 14. Qd2 Bf8 15.
Bxf8 Rxf8 16. Qh6 f5 17. exf6 Qxf6 18. Re2 Qf4 19. Qxf4 Rxf4 20. Rxe6 Nc6 21.
Bc2 Raf8 22. Rae1 b5 23. Rd6 Rd8 24. Rxd8+ Nxd8 25. Re8+ Rf8 26. Rxf8+ Kxf8 27.
g4 Ne6 28. Kg2 Kg7 29. Kg3 Kf6 30. h4 Bc8 31. h5 Ng5 32. Nxg5 Kxg5 33. f4+ Kf6
34. hxg6 hxg6 35. g5+ Kf7 36. Kf3 1/2-1/2

[Event "HUN Team League Ch. Csongrad Region"]
[Site "Csongrád County"]
[Date "2015.11.15"]
[Round "4.4"]
[White "Komocsin, Kont"]
[Black "Daroczi, Donat"]
[Result "0-1"]
[WhiteElo "1582"]
[BlackElo "1357"]
[PlyCount "120"]
[EventDate "2015.09.20"]

1. c4 c5 2. Nc3 Nc6 3. e4 d6 4. Bd3 g6 5. Bb1 Bg7 6. Nge2 e6 7. O-O Nge7 8. d3
O-O 9. Bd2 f5 10. Qc1 Qc7 11. Bh6 fxe4 12. Bxg7 Kxg7 13. Nxe4 Ne5 14. Qc3 Kg8
15. f4 Nd7 16. d4 cxd4 17. Nxd4 Nc5 18. Nb5 Qb6 19. Nxc5 Qxc5+ 20. Kh1 d5 21.
b4 Qxc4 22. Qxc4 dxc4 23. Nd6 b6 24. Nxc4 Ba6 25. Bd3 Rac8 26. Nxb6 Bxd3 27.
Nxc8 Nxc8 28. Rf2 e5 29. g3 e4 30. Re1 Re8 31. Rd2 Kf7 32. Kg2 Nb6 33. Kf2 Nc4
34. Rdd1 Re6 35. g4 Rf6 36. Kg3 Ra6 37. b5 Ra3 38. Kh4 Rxa2 39. h3 Nd2 40. Kg3
Bxb5 41. Rxd2 Rxd2 42. Rxe4 a5 43. Re5 Rb2 44. f5 a4 45. h4 a3 46. h5 a2 47.
hxg6+ hxg6 48. fxg6+ Kxg6 49. Re1 Rb1 50. Rxb1 axb1=Q 51. Kf4 Bd7 52. g5 Qf5+
53. Ke3 Qg4 54. Kd3 Kxg5 55. Ke3 Kf5 56. Kd2 Bb5 57. Kc3 Qc4+ 58. Kb2 Ba4 59.
Ka1 Qe2 60. Kb1 Bb3 0-1

[Event "HUN Team League Ch. Csongrad Region"]
[Site "Csongrád County"]
[Date "2015.11.15"]
[Round "4.4"]
[White "Fulop, Csilla"]
[Black "Gabor, Geza"]
[Result "0-1"]
[WhiteElo "1342"]
[BlackElo "1695"]
[PlyCount "112"]
[EventDate "2015.09.20"]

1. e4 e5 2. Nf3 Nc6 3. Bc4 Bc5 4. Nc3 Nf6 5. d3 h6 6. O-O d6 7. Na4 Bb6 8. Nxb6
axb6 9. a3 Be6 10. Bxe6 fxe6 11. Bd2 O-O 12. Bc3 Qe8 13. Re1 Qh5 14. h3 Rf7 15.
Nh2 Qg6 16. Re3 Nh5 17. Qg4 Kh7 18. Qxg6+ Kxg6 19. Rf3 Raf8 20. Rxf7 Rxf7 21.
Nf3 Nf4 22. Re1 Nxh3+ 23. gxh3 Rxf3 24. Kg2 Rf7 25. Re3 Ne7 26. Rg3+ Kh5 27.
Bd2 g5 28. Rg4 Ng6 29. Kg3 Nh4 30. Be3 d5 31. c3 c5 32. exd5 exd5 33. d4 exd4
34. cxd4 cxd4 35. Rxd4 Nf5+ 36. Kg2 Nxd4 37. Bxd4 b5 38. Kg3 Kg6 39. Be3 h5 40.
b4 Rd7 41. f4 d4 42. Bd2 d3 43. fxg5 Re7 44. h4 Re2 45. Bc1 d2 46. Bxd2 Rxd2
47. Kf4 Rd3 48. Ke5 Rxa3 49. Kd4 Rh3 50. Kc5 Rxh4 51. Kxb5 Kxg5 52. Kc5 Rxb4
53. Kxb4 h4 54. Kb5 h3 55. Kb6 h2 56. Kxb7 h1=R 0-1

[Event "HUN Team League Ch. Csongrad Region"]
[Site "Csongrád County"]
[Date "2015.11.15"]
[Round "4.4"]
[White "Magony, Milan"]
[Black "Gyovai, Janos"]
[Result "1-0"]
[WhiteElo "1270"]
[BlackElo "1273"]
[PlyCount "102"]
[EventDate "2015.09.20"]

1. b4 e6 2. Bb2 Nf6 3. b5 c6 4. a4 d5 5. e3 Bd6 6. c4 cxb5 7. axb5 Nbd7 8. Nf3
Nb6 9. Qc2 O-O 10. d4 Qc7 11. Nbd2 Bd7 12. c5 Be7 13. Rc1 Nc8 14. Ne5 Be8 15.
e4 dxe4 16. Nxe4 Nxe4 17. Qxe4 Bxb5 18. Bxb5 Qa5+ 19. Bc3 Qxb5 20. Qd3 Qxd3 21.
Nxd3 Bf6 22. O-O Ne7 23. Rfe1 Nc6 24. Ne5 Bxe5 25. dxe5 Rad8 26. Rcd1 Rfe8 27.
Rd6 Kf8 28. Red1 h6 29. f3 Ke7 30. Rb1 Kf8 31. Rxb7 Rxd6 32. cxd6 Ra8 33. d7
Ke7 34. Rc7 Nb8 35. Bb4+ Kd8 36. Ba5 Ke7 37. d8=Q+ Kxd8 38. Rxa7+ Kc8 39. Rxa8
Kb7 40. Rxb8+ Kxb8 41. Bb4 g6 42. Bf8 h5 43. g4 hxg4 44. fxg4 Kc7 45. Be7 Kc6
46. Kf2 Kd5 47. Bf6 Ke4 48. Kg3 Ke3 49. h4 Ke4 50. h5 gxh5 51. gxh5 Kf5 1-0

[Event "HUN Team League Ch. Csongrad Region"]
[Site "Csongrád County"]
[Date "2015.11.15"]
[Round "4.5"]
[White "Szabo, Zoltan"]
[Black "Kiss, Balazs Janos"]
[Result "0-1"]
[WhiteElo "1830"]
[BlackElo "1912"]
[PlyCount "64"]
[EventDate "2015.09.20"]

1. e4 c5 2. Nf3 e6 3. d4 cxd4 4. Nxd4 Nc6 5. Nc3 a6 6. Be2 Nf6 7. O-O Be7 8. a3
O-O 9. b4 d5 10. Nxc6 bxc6 11. exd5 cxd5 12. Bb2 Bb7 13. Na4 Qc7 14. Rc1 Rfd8
15. Qd4 Rab8 16. Bd3 h6 17. h3 Qc6 18. Nc3 e5 19. Qxe5 Bd6 20. Qd4 Bc7 21. Qc5
Qxc5 22. bxc5 Nd7 23. Rfe1 Nxc5 24. Re7 Bd6 25. Re2 Bc6 26. Nd1 Na4 27. c4 Nxb2
28. Nxb2 Bxa3 29. Rcc2 dxc4 30. Bxc4 Rxb2 31. Rxb2 Rd1+ 32. Kh2 Bd6+ 0-1

[Event "HUN Team League Ch. Csongrad Region"]
[Site "Csongrád County"]
[Date "2015.11.15"]
[Round "4.5"]
[White "Csuri, Laszlo"]
[Black "Oravecz, Matyas"]
[Result "1-0"]
[WhiteElo "1968"]
[BlackElo "1727"]
[PlyCount "97"]
[EventDate "2015.09.20"]

1. Nf3 Nc6 2. d4 d5 3. c4 e6 4. Nc3 Nf6 5. Bg5 Be7 6. e3 O-O 7. Be2 dxc4 8.
Bxc4 Nd5 9. Bxe7 Ncxe7 10. O-O Nxc3 11. bxc3 b6 12. Qc2 Bb7 13. Be2 Bxf3 14.
Bxf3 c6 15. Rfd1 Qc7 16. Rd2 Rad8 17. Rad1 Rd7 18. g3 g6 19. Qb2 Rfd8 20. e4 c5
21. d5 exd5 22. exd5 c4 23. Qb4 Qc5 24. a3 Qxb4 25. axb4 Rd6 26. b5 Ra8 27. Rd4
a5 28. Rxc4 a4 29. Ra1 a3 30. Rd4 Ra5 31. c4 Ra4 32. Bd1 Ra8 33. Rd3 Rc8 34.
Bb3 Rd7 35. Rxa3 Rc5 36. Ba2 Kg7 37. Kg2 Nc8 38. Ra6 Rd6 39. Re3 Rf6 40. Rf3
Rd6 41. Ra8 Rf6 42. Rxf6 Kxf6 43. f4 h6 44. Ra6 Kf5 45. Kf3 h5 46. h3 Kf6 47.
Ke3 Rc7 48. Kd4 Rc5 49. Rxb6+ 1-0

[Event "HUN Team League Ch. Csongrad Region"]
[Site "Csongrád County"]
[Date "2015.11.15"]
[Round "4.5"]
[White "Imreh, Csanad"]
[Black "Ver, Imre"]
[Result "0-1"]
[WhiteElo "1764"]
[BlackElo "1865"]
[PlyCount "62"]
[EventDate "2015.09.20"]

1. d4 d5 2. c4 e6 3. Nc3 Nf6 4. Nf3 Be7 5. Bf4 c6 6. Be5 Nbd7 7. e3 Nxe5 8.
Nxe5 O-O 9. c5 Nd7 10. Nxd7 Bxd7 11. b4 b5 12. Bd3 a5 13. a3 Qc7 14. O-O e5 15.
dxe5 Qxe5 16. Qc2 g6 17. Ne2 axb4 18. Nd4 Rxa3 19. Nb3 Rfa8 20. Rxa3 Rxa3 21.
Rb1 Qc3 22. h3 Bf6 23. e4 d4 24. Nc1 Qxc2 25. Bxc2 Be6 26. Kf1 Rc3 27. Bd1 Rxc5
28. Nd3 Bc4 29. Be2 Bxd3 30. Bxd3 Rc3 31. Ke2 b3 0-1

[Event "HUN Team League Ch. Csongrad Region"]
[Site "Csongrád County"]
[Date "2015.11.15"]
[Round "4.5"]
[White "Sipos, Kalman"]
[Black "Molnar, Jeno"]
[Result "1-0"]
[WhiteElo "1816"]
[BlackElo "1693"]
[PlyCount "97"]
[EventDate "2015.09.20"]

1. e4 e6 2. d4 d5 3. Nd2 c5 4. exd5 Qxd5 5. Ndf3 Nc6 6. Be3 Nf6 7. Ne2 cxd4 8.
Nexd4 Be7 9. Nxc6 bxc6 10. Bd3 O-O 11. O-O a5 12. Qe2 Bb7 13. Rad1 Qh5 14. Bf4
c5 15. Ne5 Qxe2 16. Bxe2 Rfd8 17. Nc4 Nd5 18. Bg3 Nb4 19. c3 Rxd1 20. Rxd1 Nd5
21. Bf3 Kf8 22. h3 a4 23. Na3 Rd8 24. c4 Nb4 25. Rxd8+ Bxd8 26. Bxb7 Nxa2 27.
Bd6+ Be7 28. Bxe7+ Kxe7 29. Bc6 Nc1 30. Bxa4 Nd3 31. b3 e5 32. f3 f5 33. Nb5 g5
34. Nc3 Kd6 35. g3 h5 36. Be8 h4 37. g4 fxg4 38. fxg4 Ke7 39. Bc6 Kd6 40. Bg2
Ke6 41. Ne4 Nc1 42. Nxc5+ Kd6 43. Ne4+ Ke7 44. b4 Nd3 45. b5 Nb2 46. c5 Na4 47.
b6 Kd7 48. c6+ Kxc6 49. Nc3+ 1-0

[Event "HUN Team League Ch. Csongrad Region"]
[Site "Csongrád County"]
[Date "2015.11.15"]
[Round "4.5"]
[White "Jurasits, Miklos"]
[Black "Abraham, Lajos"]
[Result "1/2-1/2"]
[WhiteElo "1645"]
[BlackElo "1766"]
[PlyCount "81"]
[EventDate "2015.09.20"]

1. e4 e5 2. Nf3 Nc6 3. Bc4 Be7 4. Nc3 Nf6 5. d4 exd4 6. Nxd4 Nxd4 7. Qxd4 d6 8.
Be3 a6 9. f3 h6 10. a3 b5 11. Ba2 Be6 12. Bxe6 fxe6 13. Qd2 Kf7 14. O-O g5 15.
f4 gxf4 16. Rxf4 Ke8 17. Raf1 e5 18. Rf5 Ng4 19. h3 Nxe3 20. Qxe3 Bg5 21. Qf3
Kd7 22. Qg4 Kc6 23. Qd1 Be3+ 24. Kh1 Bd4 25. Qd3 Bxc3 26. Qxc3+ Kb6 27. b4 Qd7
28. Rf7 Qc6 29. Qd3 Qc4 30. Rc1 Raf8 31. Qxc4 bxc4 32. Rxf8 Rxf8 33. Kg1 Kb5
34. Re1 c3 35. Re3 Kc4 36. g4 Kd4 37. Rd3+ Kc4 38. Kg2 Rf4 39. Re3 Kd4 40. Rd3+
Kc4 41. Re3 1/2-1/2

[Event "HUN Team League Ch. Csongrad Region"]
[Site "Csongrád County"]
[Date "2015.11.15"]
[Round "4.5"]
[White "Bartos, Ferenc"]
[Black "Filep, Miklos Sr"]
[Result "1-0"]
[WhiteElo "1817"]
[BlackElo "1584"]
[PlyCount "29"]
[EventDate "2015.09.20"]

1. e4 c5 2. Nc3 Nc6 3. f4 d6 4. Nf3 Bg4 5. h3 Bxf3 6. Qxf3 Nf6 7. Bb5 a6 8.
Bxc6+ bxc6 9. e5 Nd5 10. Nxd5 cxd5 11. Qxd5 e6 12. Qc6+ Ke7 13. exd6+ Kf6 14.
Qxc5 Bxd6 15. Qg5# 1-0